000 00449nam a22001697a 4500
003 BD-ChCU
005 20260216094312.0
008 260216b bg ||||| |||| 00| 0 ben d
040 _cBD-ChCU
082 _a666.94 TAC
100 _aTaylor, H. F. W. ed.
_920324
245 _aThe chemistry of cements.//
_cTaylor, H. F. W. ed.
260 _aLondon.
_bAcademic Press.
_c1964
300 _av.1 & 2
650 0 _aCement.
_920325
942 _2ddc
_cBK
_n0
999 _c111609
_d111609